| 000 | 01221nam a22003137a 4500 | ||
|---|---|---|---|
| 001 | T0000018 | ||
| 003 | KOHA_MİRAKIL | ||
| 005 | 20260207004503.0 | ||
| 007 | ta | ||
| 008 | 190402b2011 xx |||grm|||#0|||0|tur | | ||
| 040 |
_aTR-BiSEU _btur _cTR-BiSEU _erda |
||
| 041 | 0 | _atur | |
| 050 | 0 | 0 |
_aTez _b18 |
| 100 | 1 | _aBeşkirli, Mehmet. | |
| 245 | 1 |
_aEğitimde bilgisayar destekli animasyon tasarımı ve gerçeklenmesi/ _cMehmet Beşkirli ; Mehmet Beşkirli; danışman Hasan Temurtaş; ikinci danışman İbrahim Uslu. |
|
| 264 | 1 |
_aBilecik : _bBilecik Üniversitesi _c2011 |
|
| 300 | _aXIV, 99 sayfa; 30 cm.+1CD-ROM | ||
| 336 |
_ametin _btxt _2rdacontent |
||
| 337 |
_aaracısız _bn _2rdamedia |
||
| 338 |
_acilt _bnc _2rdacarrier |
||
| 500 | _aRef. No: 408780 | ||
| 500 | _aKaynakça var. | ||
| 500 | _aİngilizce Eser Adı: Computer aided animation design and implementation in educatio | ||
| 502 | _aTez (Yüksek Lisans) -- Bilecik Üniversitesi Fen Bilimleri Enstitüsü Bilgisayar Mühendisliği Anabilim Dalı, Bilecik, . | ||
| 650 | 0 |
_aBilgisayar destekli öğretim--Animasyon. _9118832 |
|
| 650 | 0 |
_aComputer aided education--Animation. _9118833 |
|
| 856 | 4 | 0 | _uhttp://acikkaynak.bilecik.edu.tr/xmlui/handle/11552/82 |
| 907 | _aYüksek Lisans | ||
| 942 |
_2lcc _cTS |
||
| 999 |
_c64569 _d64569 |
||